00681nam a2200217Ia 4500008004100000020001700041040001400058082002000072100005500092245003100147260003800178300001500216365002800231366000800259505002200267530002600289620006300315630003100378650002300409730003100432100315s9999 xx 000 0 und d a8176351288  cENGLISH  b9747 a004.6  a"Leinwand, Allan, Pinsky, Bruce, Culpepper, Mark " aCISCO Router Configuration aNEW DELHI bTECHMEDIA  c1998  a"x,436  " eRupees d1 b450.00  f0  gVaibhav Gaikwad  bDonated By Library   a"CISCO Router Configuration, Computer Science, RBI Book " aCISCO Router Configuration aCOMPUTER SCIENCE  aCISCO Router Configuration